[Event "Moscow op-A 17th"]
[Site "Moscow"]
[Date "2021.02.23"]
[Round "4"]
[White "Minakov, Artemij"]
[Black "Maimin, Leonid"]
[Result "1/2-1/2"]
[WhiteElo "1837"]
[BlackElo "1415"]
[PlyCount "95"]
[EventDate "2021.02.20"]
[EventType "swiss"]
[EventRounds "9"]
[EventCountry "RUS"]
[SourceTitle "CBM 200 Extra"]
[Source "ChessBase"]
[SourceDate "2021.03.31"]
[SourceVersion "1"]
[SourceVersionDate "2021.03.31"]
[SourceQuality "1"]

1. d4 Nf6 2. Nf3 g6 3. g3 Bg7 4. Bg2 0-0 5. 0-0 d5 6. c4 c6 7. b3 Nbd7 8. Bb2 Nb6 9. Nbd2 Bf5 10. Rc1 Rc8 11. Re1 Ne4 12. Nh4 e6 13. Nxf5 exf5 14. f3 Nxd2 15. Qxd2 Re8 16. e4 fxe4 17. fxe4 dxc4 18. bxc4 Na4 19. Ba1 Rc7 20. Kh1 Bf6 21. Rcd1 Nb6 22. Qd3 Rd7 23. Bh3 Rde7 24. Bb2 c5 25. e5 cxd4 26. c5 Na4 27. Bxd4 Bxe5 28. Re4 Nb2 29. Bxb2 Qxd3 30. Rxd3 Bxb2 31. Rxe7 Rxe7 32. Rd8+ Kg7 33. Rd7 Re1+ 34. Kg2 Ba3 35. Kf2 Re5 36. Rxb7 Bxc5+ 37. Kf1 Bb6 38. Bd7 Re7 39. Bc6 Re5 40. Ba4 Rf5+ 41. Ke1 Bg1 42. Rb2 Kh6 43. Bb3 Bd4 44. Rc2 Bb6 45. Rc8 Ba5+ 46. Ke2 Bb6 47. Ke1 Kg7 48. Rc6 1/2-1/2

[Event "Wch U10 rapid"]
[Site "Minsk"]
[Date "2018.06.22"]
[Round "4"]
[White "Lapin, Artem"]
[Black "Maimin, Leonid"]
[Result "1-0"]
[WhiteElo "1656"]
[BlackElo "1405"]
[PlyCount "63"]
[EventDate "2018.06.22"]
[EventType "swiss (rapid)"]
[EventRounds "9"]
[EventCountry "BLR"]
[SourceTitle "EXT 2019"]
[Source "ChessBase"]
[SourceDate "2018.10.10"]
[SourceVersion "1"]
[SourceVersionDate "2018.10.10"]
[SourceQuality "1"]

1. e4 c5 2. Nf3 e6 3. d4 cxd4 4. Nxd4 a6 5. Nc3 Qc7 6. Be3 Bb4 7. Bd2 Nf6 8. Bd3 Nc6 9. Nf3 0-0 10. a3 Be7 11. 0-0 b5 12. Re1 d6 13. Bf4 Nd7 14. Bf1 Bb7 15. Qd2 Rad8 16. Rad1 Nb6 17. Qc1 Rd7 18. e5 d5 19. Nd4 Nxd4 20. Rxd4 Bc5 21. Rd3 Rc8 22. Rg3 Kh8 23. Bd3 Bf8 24. Rh3 g6 25. Bh6 Qd8 26. Bg5 Qe8 27. Bf6+ Kg8 28. Ree3 Nc4 29. Rxh7 Bg7 30. Rxg7+ Kf8 31. Rh3 Nxb2 32. Rh8# 1-0